Alveare méhkaz . fundit cum nectare Iucem III.

Bibliographic Details
Other Authors: Kovács, Pál (Editor), Belnay, Henri (Printer)
Format: Book
Language:Latin
Hungarian
PhysicalDescription:320 s. 20 cm
Published: Posonii Typis Haeredum Belnay 1837
Subjects:

MARC

LEADER 00000nam a2200000 a 4500
001 vtls001149199
003 SK-MaSNL
005 20260301002155.0
008 240226s1837 xx lat
035 |a SNK000092060 
035 |a urn:nbn:sk:snk-amtgez 
035 |a urn:nbn:sk:snk-am00c1fz 
035 |a FCC2BD1E-D6E0-46D4-88C2-7DE135F21800 
040 |a SNK  |b slo  |c SNK  |e AACR2 
041 |a lat  |a hun 
044 |a xo  |c SK 
072 7 |a 638  |x Včelárstvo  |2 koncept 
080 |a 638.1  |2 2001 
080 |a 638.16  |2 2001 
080 |a 638.16/.17  |2 2001 
080 |a (035)  |2 2001 
245 1 |a Alveare  |b méhkaz . fundit cum nectare Iucem  |n III. 
246 1 |i Súčasť zbierky:  |a Knižnica Martina Hamuliaka 
260 |a Posonii  |b Typis Haeredum Belnay  |c 1837 
300 |a 320 s.  |c 20 cm 
500 |a poznámky pod čiarou, drevorezná ilustrácia na titulnom liste, tabuľka 
546 |a Latinčina  |a maďarčina 
561 |a Okrúhla pečiatka: Dar Martina Hamuljaka Matici slovenskej  |5 SNK 
561 |a Okrúhla pečiatka: Nyitra Vármegyei Muzeum 1900  |5 SNK 
650 0 7 |a včelárstvo  |2 SNKPH  |9 3997 
650 0 7 |a med  |2 SNKPH 
650 0 7 |a včelie produkty  |2 SNKPH  |9 117800 
655 7 |a príručky  |2 SNKPH  |9 74364 
700 1 |a Kovács, Pál  |4 edt  |9 281528 
700 1 |a Hamuljak, Martin,  |d 1789-1859  |4 own  |9 79936 
700 1 |a Belnay, Henri  |4 prt  |9 281529 
752 |a Slovensko  |d Bratislava 
958 |a ONDV 
999 |c 536739  |d 538669 
952 |t Ham 537  |a SNK  |b SNK  |y PREZ  |7 0  |p 17A1127004  |o snkSD 42273/1/3  |i snk2014/27114  |8 5  |0 0  |1 0  |4 0  |d 2014-12-05  |f 1  |l 0  |r 2026-02-23 12:27:47  |w 2026-02-23